000 00360nam a2200157Ia 4500
005 20250425160805.0
008 250425s9999 xx 000 0 und d
041 _aspa
082 _a512
245 0 _aALGEBRA ELEMENTAL : CON GRAFICOS Y 6523 EJERC
250 _aS.E.
260 _aS.L.
260 _aSin Pais
_bPUCU
_c1900
942 _c01
010 _a5249
999 _c196176
_d196176